000 00456nam a22001697a 4500
005 20160611093905.0
008 160611b xxu||||| |||| 00| 0 eng d
020 _a81-259-1087-5
041 _aeng
082 _b6770
100 _aMadon, Khorsaed D P & Mcdowell, Homai
_91592
245 _aOffice Administration and Management
260 _aNew Delhi
_bVikas Publishing House (P) Ltd.
_c2005
300 _a285
650 _aManagement
_9241
942 _cBK
999 _c2359
_d2358